1809 1442 1330 1158 1472 1944 1607 1415 1176 1436 1330 1729 1005 1011 1969 1195 1165 1809 1559 1843 1016 1918 1092 1196 1588 1725 1929 1072 1837 1161 1171 1583 1994 1832 1359 1583 1460 2000 1834 1822 1828 1340 1000 1692 1497 1642 1209 1004 1616 1755 1510 1350 1839 1524 1545 1093 1893 1129 1848 1730 1674 1012 1597 1085 1854 1187 1177 1335 1888 1688 1205 1805 1216 1992 1755 1408 1093 1311 1437 1903 1236 1656 1629 1430 1850 1949 1900 1153 1688 1179 1867 1872 1007 1650 1580 1737 1643 1230 1382 BCNSPRNW ULIB Ver.6.0+V

เปลี่ยนเป็นภาษาไทย

Change to English
 แสดงรายละเอียดบรรณานุกรม
  กลับหน้าหลัก

Brief Record : Get Marc (ISO 2709) : E-mail record : QR code < ปิดหน้าต่าง
LEADER : 00000nam 2200000uu 4500
001    13399107980
003     ULIB
008    110213s2544||||th 000 0 tha d
020    9746434578 (ล.1)
020    9746434586 (ล.2)
020    9746434594 (ล.3)
060 04 WY160^bม246ก 2544
110 2  มหาวิทยาลัยสุโขทัยธรรมาธิราช. ^bสาขาวิชาพยาบาลศาสตร์
245 10 การส่งเสริมสุขภาพจิตและการพยาบาลจิตเวช หน่วยที่ 1-7=^bMental healthpromotion and psychiatric nursing /^cสาขาวิชาพยาบาลศาสตร์ มหาวิทยาลัยสุโขทัยธรรมาธิราช
250    พิมพ์ครั้งที่ 1
260    นนทบุรี :^bสำนักพิมพ์มหาวิทยาลัยสุโขทัยธรรมาธิราช,^c2544
300    423หน้า ;^c30 ซม.
500    "เอกสารการสอนชุดวิชา 51102 หน่วยที่ 1-7, 8-10, 11-15" --หน้าปกใน
650  7 การพยาบาลจิตเวชศาสตร์
650  7 การส่งเสริมสุขภาพจิต
945    ^p200^l0^i015253
945    ^p200^l0^i015251
945    ^p200^l0^i015250
945    ^p200^l0^i015249
945    ^p200^l0^i015252
995    เกษร
999 ^a ใช้งานได้ทุกระบบ
รายการนี้ยังไม่มีแท็ก
คุณยังไม่ได้ล็อกอิน คุณสามารถมีกิจกรรมร่วมกับเว็บไซต์ได้ แต่ต้องล็อกอินก่อน ::
  ล็อกอิน

รายการสื่อสารสนเทศ

ลำดับที่ ประเภท เลขเรียก/บาร์โค้ด สถานที่ สถานะ
- ไม่พบข้อมูล -

รายการใกล้เคียง
    หัวเรื่อง [การพยาบาลจิตเวชศาสตร์]
    หัวเรื่อง [การส่งเสริมสุขภาพจิต]

BibComment


ยังไม่เคยถูกคอมเมนท์

คอมเมนท์ทรัพยากรรายการนี้
  คอมเมนท์: การส่งเสริมสุขภาพ..


 Copyright 2026. Bcnsprnw @Library